000 00709 a2200205 4500
010 _aENG-89315
020 _a9788131303429
_c995.00
035 _aEN-72848
037 _bDBAD / PUB
082 1 4 _a577
090 _c10735
_d10735
100 1 _aAgarwal, S. K.
245 1 _aFundamentals of ecology/
_cby S. K. Agarwal
260 _aNew Dehli
_bAPH Publishing Corporation
_c2008
270 _a4435-36/7, Ansari Road, Darya Ganj,
_bNew Delhi
_e110002
_maphbooks@vsnl.net
300 _axii, 442p.
_c23 cm.(Hb)
500 _aIncludes bibliographical references and index
942 _adpl
_cEN
_k577 / AGA
999 _c10440
_d10440